| 000 | 00526nam a2200169Ia 4500 | ||
|---|---|---|---|
| 008 | 090123s9999 xx 000 0 und d | ||
| 082 | _b34471 | ||
| 100 | _aपोंक्षे राजीव | ||
| 245 | _aआय पी.सी.302 | ||
| 250 | _a0 | ||
| 260 |
_bपार्टनर पब्लिकेशन _c2002 |
||
| 600 | _aपोंक्षे राजीव | ||
| 630 | _aआय पी.सी.302 | ||
| 700 | _aपोंक्षे राजीव | ||
| 730 | _aआय पी.सी.302 | ||
| 942 | _cBOOK | ||
| 999 |
_c72598 _d72598 |
||